01265cam a22002771 45000010005000000030008000050050017000130080039000300350019000690350019000880400043001070410008001500820021001581000027001792450317002062600048005233000025005714900084005966500032006806500022007128300015007348300084007499420012008339990015008459520127008609956BD-RjUL20211208234854.0140122s1952 enk 000 0 eng a(BD-RjUL)10002 a(OCoLC)1873266 aDLCcFMUdOCoLCdUkdDLCdBD-RjULbeng aeng a658.21bLUC 19521 aLuttrell, W. F.93074714aThe cost of industrial movement :ba first report on the economics of establishing branch factories /cby W. F. Luttrell who has had the assistance in the preparation of this report of the members of the research group working on the Locaton of industry inquiry: D. A. Cochlin, F. G. Davidson and J. F. Thompson. aCambridge, Eng. :bUniversity Press,c1952. aix, 104 p. ;c24 cm.1 aNational Institute of Economic and Social Research. Ocassional papers.vno. 14. 0aIndustrial location.930748 0aFactories.930749 0v14.930759 0aOccasional papers (National Institute of Economic and Social Research) ;930760 2ddccBK c9956d9956 00102ddc3V-1440718NFICaRUCLbRUCLcReadingd2014-01-22l0o658.21 LUC 1952r2014-01-22 00:00:00tC-1w2014-01-22yBK